| 000 | 00408nam a2200157Ia 4500 | ||
|---|---|---|---|
| 003 | GCL | ||
| 008 | 140319s9999 xx 000 0 eng d | ||
| 040 |
_aGCL / _cGCL |
||
| 082 | 0 | 4 |
_a949.3 _bD W |
| 100 | 1 | _aDENAYER, CHRISTIAN | |
| 245 | 1 | 0 |
_aWELCOME TO BE THE ULTIMATE BOOK OF BELGIUM / _cDENAYER, CHRISTIAN |
| 300 |
_a30CM ؛ _c251 P |
||
| 650 | 0 | 4 | _aHIATARY - BELGIUM |
| 650 | 0 | 4 | _aBELGIUM |
| 942 |
_2ddc _cBK |
||
| 999 |
_c7738 _d7738 |
||